|
|
|
|
| LEADER |
00000nab a2200000 a 4500 |
| 001 |
vtls000159900 |
| 003 |
SK-MaSNL |
| 005 |
20260303072918.0 |
| 008 |
111104c1983 xo 0 slo |
| 015 |
|
|
|a SNBRB19rr/mm-uuuuu
|
| 035 |
|
|
|a CL0170010
|
| 040 |
|
|
|a SNKBUCL
|b slo
|c SNKBUCL
|e AACR2
|
| 041 |
0 |
|
|a slo
|
| 044 |
|
|
|a xo
|c SK
|
| 080 |
|
|
|a 624.001.7
|2 1981
|
| 100 |
1 |
|
|a Janíček, Vladimír
|4 aut
|9 1003441
|
| 245 |
1 |
0 |
|a Po ôsmom zasadnutí ÚV KSČ
|b Výskumno-vývojová základňa n.p., Stavoindustria, Bratislava
|c Vladimír Janíček, Jaroslav Ročák
|
| 300 |
|
|
|b Obr. 1.
|
| 650 |
0 |
7 |
|a Stavoindustria, n.p., Bratislava
|2 snkbucl
|9 1073867
|
| 650 |
0 |
7 |
|a vedecko-technický rozvoj
|2 snkbucl
|9 3999
|
| 650 |
0 |
7 |
|a základňa výskumno-vývojová
|2 snkbucl
|9 921850
|
| 651 |
|
7 |
|a 5100
|2 snkbucl
|9 166206
|
| 655 |
|
7 |
|a články z novín a časopisov
|2 snkbucl
|9 267496
|
| 700 |
1 |
|
|a Ročák, Jaroslav
|4 aut
|9 924769
|
| 773 |
0 |
|
|t Technické noviny
|g Roč. 31, č. 40 (1983), s. 3
|
| 850 |
|
|
|a Slovenská národná knižnica v Martine
|a MTA001
|
| 852 |
|
|
|a SNK
|b KIS3GCP
|
| 958 |
|
|
|a RK
|
| 992 |
|
|
|a RBX
|
| 999 |
|
|
|c 1765265
|d 1767195
|